[Event "Dvorkovich Memorial op"]
[Site "Taganrog"]
[Date "2017.01.20"]
[Round "8"]
[White "Slugin, Sergey"]
[Black "Shusharina, Alexandra"]
[Result "1-0"]
[WhiteElo "2358"]
[BlackElo "2012"]
[PlyCount "100"]
[EventDate "2017.01.13"]
[EventType "swiss"]
[EventRounds "9"]
[EventCountry "RUS"]
[SourceTitle "CBM 176 Extra"]
[Source "ChessBase"]
[SourceDate "2017.03.02"]
[SourceVersion "1"]
[SourceVersionDate "2017.03.02"]
[SourceQuality "1"]

1. d4 d5 2. c4 e6 3. Nf3 Nf6 4. g3 c6 5. Bg2 Bd6 6. 0-0 0-0 7. Nbd2 Nbd7 8. Qc2 e5 9. cxd5 cxd5 10. dxe5 Nxe5 11. Nxe5 Bxe5 12. Nf3 Qc7 13. Qb3 Re8 14. Be3 b6 15. Rac1 Qd6 16. Rfd1 Be6 17. Nd4 Rac8 18. Rxc8 Rxc8 19. Nxe6 Qxe6 20. Bxd5 Nxd5 21. Qxd5 Qxd5 22. Rxd5 Bxb2 23. Rd7 Ra8 24. g4 h6 25. Kg2 Bf6 26. Kf3 Kf8 27. Kg3 Bd8 28. Rb7 Bf6 29. h4 g5 30. h5 Kg7 31. Kf3 Be5 32. Ke4 Kf6 33. Kd5 Rd8+ 34. Kc4 Rc8+ 35. Kb5 Rc2 36. Rxa7 Rb2+ 37. Kc4 b5+ 38. Kd3 Kg7 39. Bc5 b4 40. Ra8 b3 41. axb3 Rxb3+ 42. Ke4 Bf6 43. e3 Rc3 44. Bd4 Rc6 45. Ra5 Re6+ 46. Kd3 Rd6 47. Rf5 Bxd4 48. exd4 Kf8 49. Re5 Rf6 50. Ke3 Rf4 1-0

[Event "Dvorkovich Memorial op"]
[Site "Taganrog"]
[Date "2017.01.18"]
[Round "6"]
[White "Dida, Igor"]
[Black "Shusharina, Alexandra"]
[Result "0-1"]
[WhiteElo "1860"]
[BlackElo "2012"]
[PlyCount "104"]
[EventDate "2017.01.13"]
[EventType "swiss"]
[EventRounds "9"]
[EventCountry "RUS"]
[SourceTitle "CBM 176 Extra"]
[Source "ChessBase"]
[SourceDate "2017.03.02"]
[SourceVersion "1"]
[SourceVersionDate "2017.03.02"]
[SourceQuality "1"]

1. c4 c5 2. Nc3 b6 3. Nf3 Bb7 4. e3 e6 5. d4 cxd4 6. exd4 Nf6 7. Be2 Be7 8. 0-0 0-0 9. Ne5 d6 10. Bf3 Qc8 11. Bxb7 Qxb7 12. Qf3 Qxf3 13. Nxf3 a6 14. a3 Nbd7 15. Bd2 Rac8 16. b3 Rfd8 17. Rfe1 Nf8 18. d5 e5 19. a4 N6d7 20. g4 Nc5 21. Rab1 Nfd7 22. Ng5 Rf8 23. h3 h6 24. Nge4 f5 25. gxf5 Rxf5 26. Ng3 Rf3 27. Re3 Rcf8 28. Rxf3 Rxf3 29. Be3 Nd3 30. b4 Nf4 31. a5 bxa5 32. b5 axb5 33. Rxb5 Nc5 34. Rxa5 Nfd3 35. Kg2 Ne1+ 36. Kf1 Ned3 37. Ke2 Rf8 38. Ra7 Bg5 39. Nge4 Bxe3 40. Kxe3 Rd8 41. Rc7 Kf8 42. f3 Nxe4 43. Nxe4 Nf4 44. Nf2 Ra8 45. Ne4 Ra2 46. Nd2 Ra3+ 47. Kf2 Nxh3+ 48. Kg3 Ng5 49. Kg4 g6 50. Rb7 Rd3 51. Rb2 Rd4+ 52. Kg3 h5 0-1